| 000 | 00692cam a2200241 a 4500 | ||
|---|---|---|---|
| 001 | 17056202 | ||
| 005 | 20180209033625.0 | ||
| 008 | 111123s2011 mnu b 000 0 eng | ||
| 010 | _a 2011293827 | ||
| 020 | _a9780314276070 (pbk.) | ||
| 040 |
_aDLC _cDLC |
||
| 041 | _aeng | ||
| 042 | _apcc | ||
| 080 | _a341 | ||
| 082 | _2341 SPE | ||
| 100 | 1 | _a14 | |
| 101 | _aSHJ | ||
| 245 | 1 | 0 |
_aAcing civil procedure : _cA. Benjamin Spencer. |
| 504 | _aIncludes bibliographical references. | ||
| 906 |
_a7 _bcbc _corigcop _d2 _encip _f20 _gy-gencatlg |
||
| 942 |
_2ddc _cBK |
||
| 999 |
_c42209 _d42209 |
||